| 000 | 00466nam a2200181Ia 4500 | ||
|---|---|---|---|
| 999 |
_c607 _d607 |
||
| 020 | _a0 00 216543 0 | ||
| 082 | _aRR 923.242 ZIE-M | ||
| 100 | _aZiegler, Phili; | ||
| 245 | 0 | _aMountbatten: the official biography | |
| 260 |
_aLondon _bCollins Publications _c1985 |
||
| 300 | _a786p. | ||
| 504 | _aIncludes index | ||
| 650 | _aLord Mounbatten - Biography | ||
| 650 | _aRoyal Navy | ||
| 650 | _aAdmirals - United Kingdom | ||
| 650 | _aViceroy - India | ||
| 942 | _cBK | ||